000 00555nam a2200193Ia 4500
005 20250326141723.0
008 250326s9999 xx 000 0 und d
037 _aTextbook
040 _aFMSL
_beng
_cFMSL
041 _aeng
_2eng
084 _aX:9 M9
_qFMSL
100 _aCascio Wayne F
245 0 _aManaging human resources : productivity quality of work life Profits
_cCascio Wayne F
250 _a2nd
260 _aNew York
_bNew York, Mc Graw Hill Int.
_c1989
300 _a729p
942 _cTB
_hX:9 M9
999 _c1291654
_d1291654